Southville International School and Colleges
Your cart is empty.
  • Cart
  • Lists
    Public lists Eva Luna New books Lux_list list_1
    Your lists Log in to create your own lists
  • Log in to your account
  • Your cookies
  • Search history
Southville International School and Colleges
  • Advanced search
  • Recent comments
  • Most popular
  • Libraries

Log in to your account

Log in with GOOGLE


If you do not have an external account, but do have a local account, you can still log in:

  1. Home
  2. MARC view: Career counseling :
Normal view MARC view ISBD view

Career counseling : (Record no. 305471)

[ view plain ]
MARC details
000 -LEADER
fixed length control field 00626nam a2200229Ia 4500
008 - FIXED-LENGTH DATA ELEMENTS--GENERAL INFORMATION
fixed length control field 170203s9999 xx 000 0 und d
020 ## - INTERNATIONAL STANDARD BOOK NUMBER
International Standard Book Number 971923203x
050 ## - LIBRARY OF CONGRESS CALL NUMBER
Classification number 658.3
050 ## - LIBRARY OF CONGRESS CALL NUMBER
Item number .S231 2004
100 ## - MAIN ENTRY--PERSONAL NAME
Personal name Santamaria, Josefina O.,
245 ## - TITLE STATEMENT
Title Career counseling :
245 ## - TITLE STATEMENT
Remainder of title cases and techniques /
245 ## - TITLE STATEMENT
Statement of responsibility, etc Josefina O. Santamaria.
250 ## - EDITION STATEMENT
Edition statement 3rd and revised edition.
260 ## - PUBLICATION, DISTRIBUTION, ETC. (IMPRINT)
Place of publication, distribution, etc Makati City :
260 ## - PUBLICATION, DISTRIBUTION, ETC. (IMPRINT)
Name of publisher, distributor, etc Career Systems,
260 ## - PUBLICATION, DISTRIBUTION, ETC. (IMPRINT)
Date of publication, distribution, etc 2004
300 ## - PHYSICAL DESCRIPTION
Extent vi, 224 pages :
300 ## - PHYSICAL DESCRIPTION
Dimensions 23 cm.
650 ## - SUBJECT ADDED ENTRY--TOPICAL TERM
Topical term or geographic name as entry element Career education -- Philippines.
650 ## - SUBJECT ADDED ENTRY--TOPICAL TERM
Topical term or geographic name as entry element Vocational guidance -- Philippines.
Holdings
Withdrawn status Lost status Damaged status Home library Current library Shelving location Date acquired Total Checkouts Full call number Barcode Date last seen Price effective from Koha item type
      Stonyhurst Southville International School (Batangas) Stonyhurst Southville International School (Batangas)   02/03/2017   358.3 .S231 2004 US-1437 02/03/2017 02/03/2017 Books

Career counseling :

APA

Santamaria J. O., .Career counseling. Makati City: .

Chicago

Santamaria Josefina O, .Career counseling. Makati City: .

Harvard

Santamaria J. O., .Career counseling. Makati City: .

MLA

Santamaria Josefina O, .Makati City: . .

  • Place hold
  • Print
  • Cite
  • Add to your cart (remove)
  • Save record
    BIBTEX Dublin Core MARCXML MARC (non-Unicode/MARC-8) MARC (Unicode/UTF-8) MARC (Unicode/UTF-8, Standard) MODS (XML) RIS
  • More searches
    Search for this title in:
    Other Libraries (WorldCat) Other Databases (Google Scholar) Online Stores (Bookfinder.com) Open Library (openlibrary.org)

Exporting to Dublin Core...

SOUTHVILLE LIBRARY

Southville International School and Colleges Library

1281 Tropical Ave. Cor. Luxembourg St., BF Homes International, Las Pinas City

Tel. No. 8256374 / 252358 Loc. 117/146

Powered by Koha